00576nam a22001097a 4500040000800000082002700008100001900035245027200054260002700326300002600353856008700379 cRUA aAGR SEN 2012 B051 Or.1 aSENG, CHANTHY. aComparison of effectiveness of chemical and organic fertilizer on phkaromduol rice cultivar ប្រៀបធៀបប្រសិទ្ធភាពជីគីមី និងជីធម្មជាំតិលើពូជស្រូវផ្ការំដួល aPhnom Penh bRUAc2012 aix; 49p.bill.c29cm. uhttps://drive.google.com/file/d/1VnPW9y2rX-iNgTRPXitv_T-EBG1-hllf/view?usp=sharing